[Event "?"]
[Site "ICC 15 15 10/01/97, Internet "]
[Date "1997.??.??"]
[Round "?"]
[White "Brause"]
[Black "kerrigan"]
[Result "1-0"]
[WhiteElo "2390"]
[BlackElo "2140"]
[PlyCount "71"]

1. e4 Nc6 2. Nf3 e5 3. Nc3 Nf6 4. Nxe5 Nxe5 5. d4 Ng6 6. e5 Ng8 7. Bc4 d6 8.
Qf3 Qd7 9. O-O dxe5 10. dxe5 Nxe5 11. Re1 Bd6 12. Bf4 f6 13. Bb5 c6 14. Rad1
Qe6 15. Qg3 g5 16. Bxe5 Bxe5 17. f4 gxf4 18. Qg7 cxb5 19. Ne4 Qe7 20. Nd6+ Bxd6
21. Rxe7+ Bxe7 22. Qxh8 Be6 23. Qxh7 Rc8 24. Re1 Bf7 25. Qf5 Kd8 26. Rd1+ Kc7
27. Rd7+ Kc6 28. Rxe7 Nxe7 29. Qxf6+ Kd7 30. Qxf7 Rc4 31. Qh5 a6 32. Qf3 Kc7
33. c3 Ra4 34. a3 Ng6 35. Qe2 Rc4 36. Qe8 1-0

[Event "?"]
[Site "ICC 15 15 09/03/97, Internet "]
[Date "1997.??.??"]
[Round "?"]
[White "Brause"]
[Black "RoboNudnick"]
[Result "1-0"]
[WhiteElo "2370"]
[BlackElo "2345"]
[PlyCount "87"]

1. e4 e5 2. Nf3 Nf6 3. Nc3 Nc6 4. Nxe5 Nxe5 5. d4 Nc6 6. d5 Ne5 7. f4 Ng6 8. e5
Ng8 9. d6 cxd6 10. exd6 Qa5 11. h4 Qb4 12. Qe2+ Kd8 13. f5 Nxh4 14. a3 Nxg2+
15. Qxg2 Qxd6 16. Bd2 Qe5+ 17. Be2 Qxf5 18. O-O-O Nf6 19. Nb5 d5 20. Ba5+ b6
21. Rh5 Qf4+ 22. Bd2 Qe4 23. Rxd5+ Qxd5 24. Bg5 Qxd1+ 25. Bxd1 Rb8 26. Bxf6+
gxf6 27. Qc6 Rb7 28. Qxf6+ Ke8 29. Qxh8 Ke7 30. Bf3 h6 31. Qe5+ Kd7 32. Bg4+
Kd8 33. Bxc8 Re7 34. Qb8 Re1+ 35. Kd2 Bc5 36. Kxe1 Ke7 37. b4 Bxb4+ 38. axb4
Kf8 39. Nxa7 f6 40. Bf5+ Kg7 41. Qc7+ Kf8 42. Bg6 Kg8 43. Qf7+ Kh8 44. Qf8# 1-0

[Event "?"]
[Site "ICC 15 15 09/22/97, Internet "]
[Date "1997.??.??"]
[Round "?"]
[White "Brause"]
[Black "Ystal"]
[Result "1-0"]
[WhiteElo "2405"]
[BlackElo "1970"]
[PlyCount "32"]

1. e4 e5 2. Nf3 Nc6 3. Nc3 Nf6 4. Nxe5 Nxe5 5. d4 Nc6 6. d5 Ne5 7. f4 Ng6 8. e5
Ng8 9. d6 cxd6 10. exd6 Nf6 11. Nb5 Bxd6 12. Nxd6+ Kf8 13. Bc4 Qe7+ 14. Kf1
Nxf4 15. Bxf4 Ne4 16. Qd4 Qh4 1-0

[Event "?"]
[Site "ICC 15 15 09/17/97, Internet "]
[Date "1997.??.??"]
[Round "?"]
[White "Brause"]
[Black "VS"]
[Result "1/2-1/2"]
[WhiteElo "2430"]
[BlackElo "2165"]
[PlyCount "203"]

1. e4 e5 2. Nf3 Nc6 3. Nc3 Nf6 4. Nxe5 Nxe5 5. d4 Nc6 6. d5 Ne5 7. f4 Ng6 8. e5
Ng8 9. d6 cxd6 10. exd6 Qf6 11. Nb5 Kd8 12. Be3 Qxb2 13. Bd4 Qb4+ 14. c3 Qb2
15. Rb1 Qxa2 16. g3 b6 17. Be2 Bb7 18. O-O Nf6 19. f5 Ne4 20. Bf3 f6 21. fxg6
hxg6 22. h4 Bc6 23. Ra1 Qd5 24. Nxa7 Bxd6 25. c4 Qxc4 26. Nxc6+ Qxc6 27. Rxa8+
Qxa8 28. Bxb6+ Ke7 29. Bxe4 Qb8 30. Qb3 f5 31. Rf3 Bxg3 32. Rxg3 fxe4 33. Qb4+
Kf7 34. Qc4+ Kf8 35. Bc5+ d6 36. Rb3 Qc7 37. Bxd6+ Qxd6 38. Qc8+ Ke7 39. Qb7+
Kf6 40. Rb6 Qxb6+ 41. Qxb6+ Kf5 42. Qf2+ Kg4 43. Qg2+ Kf4 44. Qxg6 Rxh4 45.
Qf7+ Kg3 46. Qxg7+ Kf3 47. Qg2+ Kf4 48. Kf2 Rg4 49. Qh2+ Kf5 50. Ke3 Kg5 51.
Qe5+ Kh4 52. Kf2 Rg5 53. Qxe4+ Rg4 54. Qe7+ Kh5 55. Kf3 Rg6 56. Ke4 Kg4 57.
Qd7+ Kh4 58. Kf5 Rg2 59. Qd4+ Kh3 60. Qe3+ Kh4 61. Qf4+ Kh3 62. Qf3+ Kh2 63.
Kf4 Rg7 64. Qe2+ Rg2 65. Qe5 Rg3 66. Qh5+ Rh3 67. Qe2+ Kg1 68. Kg4 Rh2 69. Qe1+
Kg2 70. Qg3+ Kh1 71. Kf3 Rf2+ 72. Ke4 Re2+ 73. Kf4 Rf2+ 74. Ke3 Re2+ 75. Kd4
Rd2+ 76. Ke5 Re2+ 77. Kd5 Rd2+ 78. Kc5 Rc2+ 79. Kd6 Rd2+ 80. Ke6 Re2+ 81. Kd7
Rd2+ 82. Kc6 Rc2+ 83. Kb6 Rb2+ 84. Kc7 Rc2+ 85. Kd8 Rd2+ 86. Kc8 Rc2+ 87. Kb7
Rb2+ 88. Ka6 Ra2+ 89. Kb5 Rb2+ 90. Ka5 Ra2+ 91. Kb4 Rb2+ 92. Kc4 Rc2+ 93. Kb3
Rb2+ 94. Ka4 Ra2+ 95. Kb5 Rb2+ 96. Kc5 Rc2+ 97. Kd5 Rd2+ 98. Ke5 Re2+ 99. Kf6
Rf2+ 100. Kg7 Rg2 101. Qg6 Rxg6+ 102. Kxg6 1/2-1/2

[Event "?"]
[Site "ICC 15 15 11/18/97, Internet "]
[Date "1997.??.??"]
[Round "?"]
[White "Brause"]
[Black "Abner"]
[Result "0-1"]
[WhiteElo "2350"]
[BlackElo "2490"]
[PlyCount "50"]

1. e4 e5 2. Nf3 Nc6 3. Nc3 Nf6 4. Nxe5 Nxe5 5. d4 Nc6 6. d5 Ne5 7. f4 Ng6 8. e5
Ng8 9. d6 cxd6 10. exd6 Qf6 11. Nb5 Kd8 12. Qd2 b6 13. Bc4 Ba6 14. Bd5 Rb8 15.
Nxa7 Bxd6 16. g3 N8e7 17. Bf3 Re8 18. Kd1 Ne5 19. Be2 Nc4 20. Bxc4 Bxc4 21. Re1
Ra8 22. Re4 Ba6 23. Qe3 Bc5 24. Qb3 Rxa7 25. Re5 Nf5 0-1

[Event "?"]
[Site "ICC 15 0 10/18/97, Internet C"]
[Date "1997.??.??"]
[Round "?"]
[White "Brause"]
[Black "RoboNudnick"]
[Result "1-0"]
[WhiteElo "2375"]
[BlackElo "2405"]
[PlyCount "48"]

1. e4 e5 2. Nf3 Nc6 3. Nc3 Nf6 4. Nxe5 Nxe5 5. d4 Nc6 6. d5 Ne5 7. f4 Ng6 8. e5
Ng8 9. d6 cxd6 10. exd6 Qf6 11. Nb5 Kd8 12. Be3 Nxf4 13. Qd2 Ne6 14. O-O-O Ke8
15. Re1 Kd8 16. Bc4 Bxd6 17. Nxd6 Qg6 18. Bd3 Qh5 19. g4 Qd5 20. Nxf7+ Kc7 21.
Qc3+ Qc6 22. Qxc6+ dxc6 23. Nxh8 Nf6 24. Rhg1 Bd7 1-0

[Event "?"]
[Site "ICC 15 0 09/11/97, Internet C"]
[Date "1997.??.??"]
[Round "?"]
[White "Brause"]
[Black "CarlBildt"]
[Result "0-1"]
[WhiteElo "2465"]
[BlackElo "2480"]
[PlyCount "148"]

1. e4 e5 2. Nf3 Nc6 3. Nc3 Nf6 4. Nxe5 Nxe5 5. d4 Ng6 6. e5 Ng8 7. Bc4 Bb4 8.
Qf3 Bxc3+ 9. bxc3 Qe7 10. O-O Rb8 11. Re1 b5 12. Rb1 c6 13. Bd3 Rb6 14. Qe2 Qh4
15. a4 Ba6 16. axb5 cxb5 17. Bxb5 N8e7 18. Be3 Rxb5 19. Rxb5 O-O 20. c4 Bxb5
21. cxb5 Nf5 22. Qd3 Nxe3 23. Rxe3 Qg4 24. h3 Qg5 25. Qe4 Rd8 26. Qb7 Nf4 27.
Kf1 Kh8 28. Rg3 Qe7 29. Rf3 Ne6 30. c3 Qg5 31. Kg1 Nf4 32. Re3 Qf5 33. Kh2 Qb1
34. Qf3 Ne6 35. d5 Nf8 36. c4 Qc2 37. Qxf7 Qxc4 38. e6 dxe6 39. dxe6 Rc8 40.
Re1 Ng6 41. Qxa7 Qxb5 42. Qd7 Qb8+ 43. Kg1 Nf8 44. Qd2 Rd8 45. Qc1 Re8 46. Qc6
Re7 47. Qd5 Qe8 48. Re3 Rxe6 49. Qc5 Ng6 50. Qd4 h6 51. Qd2 Rxe3 52. fxe3 Qe6
53. Qd4 Kg8 54. Kf2 Kf7 55. Ke2 Ne5 56. Kd2 Nc6 57. Qf4+ Ke7 58. Ke2 Qa2+ 59.
Kf3 Qd5+ 60. e4 Ne5+ 61. Kg3 Qd6 62. Qf5 Nc4+ 63. Qf4 g5 64. Qxd6+ Nxd6 65. Kg4
Kf6 66. e5+ Kxe5 67. Kh5 Nf5 68. Kg6 Kf4 69. Kf6 h5 70. Kg6 h4 71. Kf6 Ne3 72.
Ke6 Nxg2 73. Kf6 g4 74. hxg4 Kxg4 0-1

[Event "?"]
[Site "ICC 10 0 09/18/97, Internet C"]
[Date "1997.??.??"]
[Round "?"]
[White "Brause"]
[Black "VS"]
[Result "1-0"]
[WhiteElo "2640"]
[BlackElo "1850"]
[PlyCount "71"]

1. e4 e5 2. Nf3 Nc6 3. Nc3 Nf6 4. Nxe5 Nxe5 5. d4 Nc6 6. d5 Ne5 7. f4 Ng6 8. e5
Ng8 9. d6 cxd6 10. exd6 Qf6 11. Nb5 Kd8 12. Be3 Qxb2 13. Bd4 Qb4+ 14. c3 Qb2
15. Rb1 Qxa2 16. g3 b6 17. Be2 Bb7 18. O-O f6 19. c4 Be4 20. Nc3 Bc2 21. Qd2
Qa5 22. Qxc2 Nxf4 23. gxf4 Rc8 24. Nb5 Rc6 25. Bf3 Rc8 26. Bd5 Bxd6 27. Nxd6
Qxd5 28. cxd5 Rxc2 29. Nf7+ Ke7 30. Nxh8 Kd6 31. Rb5 Rd2 32. Bf2 Nh6 33. Ra1
Ng4 34. Bg3 Rxd5 35. f5+ Ne5 36. Nf7+ 1-0

[Event "?"]
[Site "ICC 15 5 09/30/97, Internet C"]
[Date "1997.??.??"]
[Round "?"]
[White "Brause"]
[Black "K6-Krafty"]
[Result "1-0"]
[WhiteElo "2375"]
[BlackElo "2630"]
[PlyCount "75"]

1. e4 e5 2. Nf3 Nc6 3. Nc3 Nf6 4. Nxe5 Nxe5 5. d4 Nc6 6. d5 Nb8 7. e5 Ng8 8. d6
cxd6 9. exd6 Qf6 10. Nb5 Qe6+ 11. Be2 Na6 12. O-O Qe5 13. Bc4 Kd8 14. Re1 Qf6
15. Qe2 Ne7 16. Be3 Nb4 17. dxe7+ Qxe7 18. Nxa7 Rxa7 19. Bb6+ Ke8 20. Qh5 d5
21. Rxe7+ Bxe7 22. Bb5+ Kf8 23. Bxa7 Nc6 24. Bxc6 bxc6 25. Qe5 f6 26. Qc7 Kf7
27. Bc5 Bf5 28. Re1 Re8 29. Rxe7+ Rxe7 30. Qxe7+ Kg6 31. Qe8+ Kg5 32. Be3+ Kh4
33. g3+ Kg4 34. Bc1 Bg6 35. Qe6+ Kf3 36. Qe3+ Kg4 37. Qf4+ Kh3 38. Qh4# 1-0

[Event "?"]
[Site "ICC 1 0 09/04/97, Internet Ch"]
[Date "1997.??.??"]
[Round "?"]
[White "Brause"]
[Black "Ferret"]
[Result "1/2-1/2"]
[WhiteElo "2645"]
[BlackElo "2865"]
[PlyCount "141"]

1. e4 e5 2. Nf3 Nc6 3. Nc3 Nf6 4. Nxe5 Nxe5 5. d4 Ng6 6. e5 Ng8 7. Bc4 d6 8.
Qf3 Qd7 9. O-O dxe5 10. dxe5 Nxe5 11. Re1 f6 12. Rxe5+ fxe5 13. Qh5+ Kd8 14.
Bxg8 Qf5 15. Bg5+ Kd7 16. Bb3 c6 17. Rd1+ Kc7 18. Bd8+ Kb8 19. Qh4 Qg4 20. Qxg4
Bxg4 21. Rd3 Bc5 22. Bh4 Bf5 23. Rg3 Bg6 24. Rg4 Bd4 25. Bg3 Kc8 26. h4 c5 27.
Rg5 Rf8 28. h5 c4 29. Bxc4 Bxc2 30. Rxg7 a6 31. Be6+ Kb8 32. Bd5 Ra7 33. Re7 b5
34. Bxe5+ Kc8 35. Be6+ Kd8 36. Bxd4 Rxe7 37. Bc5 Ke8 38. Bxe7 Kxe7 39. Bd5 b4
40. Ne2 Bd3 41. Nc1 Bb1 42. Bc4 Rd8 43. Ne2 Rd1+ 44. Kh2 Rd2 45. a3 bxa3 46.
bxa3 Bd3 47. Bxd3 Rxd3 48. f3 Rxa3 49. Kg3 a5 50. Kf4 a4 51. g3 Rd3 52. Nc1
Rd4+ 53. Ke3 Rd5 54. h6 a3 55. f4 Rd1 56. Na2 Ra1 57. Nc3 a2 58. Nxa2 Rxa2 59.
g4 Kf7 60. Ke4 Ra4+ 61. Kf3 Ra6 62. Kf2 Rxh6 63. Kg3 Kg7 64. Kf3 Rh3+ 65. Kf2
Rh2+ 66. Kg3 Rd2 67. Kf3 Rd3+ 68. Ke4 Rd2 69. Kf3 Rd1 70. Ke4 Rd2 71. Kf3
1/2-1/2

[Event "?"]
[Site "ICC 1 0 09/04/97, Internet Ch"]
[Date "1997.??.??"]
[Round "?"]
[White "Brause"]
[Black "MoonShot"]
[Result "0-1"]
[WhiteElo "2650"]
[BlackElo "2695"]
[PlyCount "85"]

1. e4 e5 2. Nf3 Nc6 3. Nc3 Nf6 4. Nxe5 Nxe5 5. d4 Ng6 6. e5 Ng8 7. Bc4 Bb4 8.
Qf3 Bxc3+ 9. bxc3 Qe7 10. O-O f6 11. exf6 Nxf6 12. Bg5 Qf8 13. Bd3 Qf7 14.
Rfe1+ Kf8 15. Qe2 Nd5 16. Bxg6 Qxg6 17. c4 h6 18. cxd5 hxg5 19. Qe7+ Kg8 20.
Qd8+ Kh7 21. Qxc7 g4 22. Re7 Qf6 23. Re4 d6 24. Rae1 Bf5 25. Re7 Rac8 26. Qxb7
Qxd4 27. Rf7 Rhe8 28. Rf1 Be4 29. Qxa7 Qxa7 30. Rxa7 Bxd5 31. Ra5 Re5 32. Rd1
Rxc2 33. h3 g3 34. fxg3 Rxg2+ 35. Kh1 Rd2+ 36. Rxd5 Rexd5 37. Ra1 R5d3 38. h4
Rxg3 39. a4 Rh3+ 40. Kg1 Rxh4 41. a5 Rdh2 42. Ra3 Rh1+ 43. Kf2 0-1

[Event "?"]
[Site "ICC 1 0 09/13/97, Internet Ch"]
[Date "1997.??.??"]
[Round "?"]
[White "Brause"]
[Black "ZarkovX"]
[Result "1-0"]
[WhiteElo "2575"]
[BlackElo "2705"]
[PlyCount "52"]

1. e4 e5 2. Nf3 Nc6 3. Nc3 Nf6 4. Nxe5 Nxe5 5. d4 Ng6 6. e5 Ng8 7. Bc4 d6 8.
Qf3 f6 9. O-O dxe5 10. dxe5 Nxe5 11. Qe4 Ne7 12. Rd1 Bd7 13. Be6 Qc8 14. Rxd7
Nxd7 15. Be3 Qb8 16. Rd1 Ne5 17. f4 c6 18. fxe5 Qxe5 19. Qc4 Qxe3+ 20. Kf1 Nd5
21. Nxd5 Qe5 22. Re1 Qxh2 23. Bf7+ Kd7 24. Qg4+ f5 25. Qxf5+ Kd6 26. Re6+ Kd7
1-0

[Event "?"]
[Site "ICC 1 0 11/12/97, Internet Ch"]
[Date "1997.??.??"]
[Round "?"]
[White "Brause"]
[Black "Allanon"]
[Result "1/2-1/2"]
[WhiteElo "2605"]
[BlackElo "2600"]
[PlyCount "133"]

1. e4 e5 2. Nf3 Nc6 3. Nc3 Nf6 4. Nxe5 Nxe5 5. d4 Ng6 6. e5 Ng8 7. Bc4 Bb4 8.
Qf3 Qe7 9. O-O Nh4 10. Qg4 Bxc3 11. Qxg7 Ng6 12. bxc3 Qf8 13. Qxf8+ Nxf8 14.
Bg5 b6 15. Rfe1 Bb7 16. Rad1 Ne6 17. Bd2 Ne7 18. Kf1 O-O-O 19. a4 Nd5 20. a5
bxa5 21. Ra1 Nb6 22. Bb5 a6 23. Bd3 a4 24. c4 Nxd4 25. c5 Rhg8 26. f3 Rxg2 27.
Kxg2 Nxf3 28. Kf2 Nxe1 29. Bxe1 Nd5 30. Rxa4 h5 31. Bxa6 Re8 32. c6 dxc6 33.
Bxb7+ Kxb7 34. Re4 c5 35. Kf3 Kc6 36. Bg3 Ra8 37. c4 Ra3+ 38. Kf2 Nb4 39. e6
fxe6 40. Rxe6+ Kb7 41. Re7 Rc3 42. Rxc7+ Kb6 43. Rh7 Nd3+ 44. Ke2 Nc1+ 45. Kd2
Rxc4 46. Rxh5 Nb3+ 47. Kd3 Rd4+ 48. Kc2 Rb4 49. Rd5 Kb5 50. Kd3 Rd4+ 51. Rxd4
cxd4 52. Bd6 Kc6 53. Ba3 Kd5 54. h4 Na5 55. h5 Nc6 56. h6 Ne5+ 57. Kd2 Nf3+ 58.
Ke2 Ne5 59. h7 Ng6 60. Kd2 Ke4 61. Be7 Nh8 62. Bf6 Kf5 63. Bh4 Kg6 64. Bf2 Kxh7
65. Kd3 Ng6 66. Ke4 d3 67. Kxd3 1/2-1/2

[Event "?"]
[Site "ICC 1 1 11/16/97, Internet Ch"]
[Date "1997.??.??"]
[Round "?"]
[White "Brause"]
[Black "greg1"]
[Result "1-0"]
[WhiteElo "2620"]
[BlackElo "2550"]
[PlyCount "75"]

1. e4 e5 2. Nf3 Nc6 3. Nc3 Nf6 4. Nxe5 Nxe5 5. d4 Ng6 6. e5 Ng8 7. Bc4 c6 8.
Qf3 d5 9. exd6 Nf6 10. Qe2+ Kd7 11. Nb5 Qe8 12. Be3 Bxd6 13. Nxd6 Kxd6 14. Qf3
Be6 15. Be2 Bd5 16. Qg3+ Kd7 17. c4 Be6 18. O-O Qe7 19. Rae1 Rhd8 20. h3 Ke8
21. Bd3 Kf8 22. Qg5 Kg8 23. Qa5 b6 24. Qc3 Qd7 25. Rd1 Bf5 26. Be2 Ne4 27. Qb3
Re8 28. g4 Be6 29. d5 Bf5 30. gxf5 Qxf5 31. Bg4 Qe5 32. dxc6 h5 33. Bd7 Nf4 34.
Bxf4 Qxf4 35. Bxe8 Rxe8 36. Qe3 Qf5 37. c7 Nf6 38. Rd8 1-0

[Event "?"]
[Site "ICC 1 1 11/28/97, Internet Ch"]
[Date "1997.??.??"]
[Round "?"]
[White "Brause"]
[Black "greg1"]
[Result "1-0"]
[WhiteElo "2635"]
[BlackElo "2540"]
[PlyCount "123"]

1. Nc3 Nf6 2. e4 e5 3. Nf3 Nc6 4. Nxe5 Nxe5 5. d4 Ng6 6. e5 Ng8 7. Bc4 c6 8.
Qf3 d5 9. exd6 Nf6 10. Qe3+ Kd7 11. Bxf7 Bxd6 12. Bxg6 hxg6 13. Qd3 Kc7 14.
Qxg6 Qe8+ 15. Qxe8 Rxe8+ 16. Be3 Ng4 17. O-O-O Nxe3 18. fxe3 Rxe3 19. Rdf1 Be6
20. Kd2 Rxc3 21. Kxc3 Bd5 22. Rf2 Re8 23. b3 b5 24. Kd3 b4 25. c4 bxc3 26. Kxc3
Re3+ 27. Kb2 Bb4 28. Rc1 a5 29. Rd1 a4 30. bxa4 Ra3 31. Ra1 Rxa4 32. g3 Be7 33.
Re2 Bf6 34. Kc2 Rxd4 35. Rae1 Ra4 36. Kb1 Rb4+ 37. Kc1 Bg5+ 38. Kc2 Bxa2 39. h4
Bf6 40. Re7+ Kb6 41. R7e3 Bd5 42. Rf1 Rc4+ 43. Kd2 Rd4+ 44. Kc2 c5 45. Rfe1 c4
46. Rb1+ Kc5 47. Rbe1 Bf7 48. R3e2 Bg6+ 49. Kc1 c3 50. Re6 Ra4 51. R1e5+ Bxe5
52. Rxg6 Kd4 53. Rg4+ Kd3 54. Rxa4 Bxg3 55. h5 Ke3 56. Ra7 Be5 57. Rd7 Kf4 58.
Kc2 Kf5 59. Rd5 Ke4 60. Rc5 Bf6 61. Rc6 Kf4 62. Rxf6+ 1-0

[Event "?"]
[Site "ICC 15 0 11/17/97, Internet C"]
[Date "1997.??.??"]
[Round "?"]
[White "Brause"]
[Black "RoboNudnick"]
[Result "0-1"]
[WhiteElo "2360"]
[BlackElo "2530"]
[PlyCount "97"]

1. e4 e5 2. Nf3 Nf6 3. Nc3 Nc6 4. Nxe5 Nxe5 5. d4 Nc6 6. d5 Ne5 7. f4 Ng6 8. e5
Ng8 9. d6 a6 10. h4 cxd6 11. exd6 Qf6 12. Qe2+ Qe6 13. h5 Bxd6 14. hxg6 fxg6
15. Bd2 Nf6 16. O-O-O O-O 17. Qd3 Bc5 18. Be2 d5 19. Rhe1 Qf7 20. Na4 Bf5 21.
Qb3 Bf2 22. Rf1 Ba7 23. Ba5 Rac8 24. Bd3 Be3+ 25. Kb1 d4 26. Qa3 Nh5 27. Bb4
Rfe8 28. Nb6 Rc6 29. Bc5 Bxd3 30. Rxd3 Nxf4 31. g3 Rxc5 32. gxf4 Rc6 33. Qa5
Qe6 34. f5 gxf5 35. Nd5 b6 36. Nxb6 Rxb6 37. Qxf5 Qxf5 38. Rxf5 Bd2 39. Rf1 Bc3
40. b3 Rbe6 41. Kc1 Re1+ 42. Rd1 Rxd1+ 43. Kxd1 h5 44. b4 h4 45. a4 h3 46. b5
Re1+ 47. Rxe1 Bxe1 48. Kxe1 h2 49. Ke2 0-1

[Event "?"]
[Site "ICC 2 12 10/01/97, Internet C"]
[Date "1997.??.??"]
[Round "?"]
[White "Brause"]
[Black "kerrigan"]
[Result "1-0"]
[WhiteElo "2385"]
[BlackElo "2415"]
[PlyCount "153"]

1. e4 e5 2. Nf3 Nc6 3. Nc3 Nf6 4. Nxe5 Nxe5 5. d4 Ng6 6. e5 Ng8 7. Bc4 d6 8.
Qf3 Qd7 9. O-O dxe5 10. dxe5 Nxe5 11. Re1 Bd6 12. Bf4 f6 13. Bb5 c6 14. Rad1
Qe6 15. Qg3 g5 16. Bxe5 Bxe5 17. f4 gxf4 18. Qg7 cxb5 19. Nd5 f3 20. Nc7+ Bxc7
21. Rxe6+ Bxe6 22. Qxh8 Bb6+ 23. Kh1 fxg2+ 24. Kxg2 h6 25. Qg7 Ne7 26. Qxf6 Bg8
27. Qxh6 Rc8 28. Qh5+ Bf7 29. Qxb5+ Rc6 30. c3 a6 31. Qe5 Rg6+ 32. Kf3 Bd8 33.
a3 Bb3 34. Rd3 Rh6 35. Rd4 b5 36. h4 Bc4 37. a4 Bf1 38. Qg7 Rh5 39. Re4 Rf5+
40. Kg4 Rf7 41. Qg8+ Rf8 42. Qg6+ Kd7 43. Qe6+ Kc7 44. Qxa6 Nd5 45. Qa7+ Kd6
46. Qb8+ Kd7 47. Qb7+ Kd6 48. Rd4 Bg2 49. axb5 Rg8+ 50. Kf5 Rf8+ 51. Kg6 Bf6
52. Qb6+ Ke5 53. Rxd5+ Bxd5 54. Qd4+ Ke6 55. Qg4+ Ke5 56. Qf5+ Kd6 57. Qxf6+
Rxf6+ 58. Kxf6 Bf3 59. Kg5 Kc5 60. h5 Kxb5 61. Kg6 Kc4 62. h6 Be4+ 63. Kg7 Bf5
64. h7 Bxh7 65. Kxh7 Kb3 66. Kg6 Kc4 67. b4 Kb5 68. Kf5 Kc4 69. Ke6 Kb5 70. Kd6
Kb6 71. b5 Kxb5 72. Kd5 Kb6 73. c4 Kc7 74. Kc5 Kd7 75. Kb6 Kc8 76. c5 Kb8 77.
c6 1-0

[Event "?"]
[Site "ICC 2 12 10/01/97, Internet C"]
[Date "1997.??.??"]
[Round "?"]
[White "Brause"]
[Black "DrTarrasch"]
[Result "*"]
[WhiteElo "2460"]
[BlackElo "2265"]
[PlyCount "79"]

1. e4 e5 2. Nf3 Nc6 3. Nc3 Nf6 4. Nxe5 Nxe5 5. d4 Ng6 6. e5 Ng8 7. Bc4 Bb4 8.
Qf3 Qe7 9. O-O Bxc3 10. bxc3 Nh6 11. g3 O-O 12. Qh5 d5 13. Bxd5 Bg4 14. Qg5
Qxg5 15. Bxg5 c6 16. Bb3 Rfe8 17. Kg2 Be6 18. Bxh6 gxh6 19. Bxe6 fxe6 20. f4
Ne7 21. Rfb1 Rab8 22. Rb3 Red8 23. Rab1 b6 24. a4 Rd5 25. Kf3 Ra5 26. Rb4 Nd5
27. Rc4 Rc8 28. Rb3 Kf7 29. Ke4 Rc7 30. g4 a6 31. f5 Ke7 32. f6+ Kf7 33. h3 b5
34. axb5 axb5 35. Rc5 Nb6 36. c4 Nxc4 37. Rc3 Ra4 38. Rd3 Ra1 39. Rc3 Re1+ 40.
Kf3 *

[Event "?"]
[Site "ICC 2 12 10/01/97, Internet C"]
[Date "1997.??.??"]
[Round "?"]
[White "Brause"]
[Black "DrTarrasch"]
[Result "0-1"]
[WhiteElo "2460"]
[BlackElo "2265"]
[PlyCount "162"]

1. e4 e5 2. Nf3 Nc6 3. Nc3 Nf6 4. Nxe5 Nxe5 5. d4 Ng6 6. e5 Ng8 7. Bc4 Bb4 8.
Qf3 Qe7 9. O-O Bxc3 10. bxc3 Nh6 11. g3 O-O 12. Qh5 d5 13. Bxd5 Bg4 14. Qg5
Qxg5 15. Bxg5 c6 16. Bb3 Rfe8 17. Kg2 Be6 18. Bxh6 gxh6 19. Bxe6 fxe6 20. f4
Ne7 21. Rfb1 Rab8 22. Rb3 Red8 23. Rab1 b6 24. a4 Rd5 25. Kf3 Ra5 26. Rb4 Nd5
27. Rc4 Rc8 28. Rb3 Kf7 29. Ke4 Rc7 30. g4 a6 31. f5 Ke7 32. f6+ Kf7 33. h3 b5
34. axb5 axb5 35. Rc5 Nb6 36. c4 Nxc4 37. Rc3 Ra4 38. Rd3 Ra1 39. Rc3 Re1+ 40.
Kf3 Rh1 41. Kf4 Rd1 42. Rd3 Rb1 43. Rc3 Re1 44. Kf3 Rb1 45. Kf4 Rb2 46. Kf3 Kg6
47. Kf4 Rb1 48. Ke4 Re1+ 49. Kf3 Rd1 50. Ke4 Rf1 51. R3xc4 bxc4 52. Rxc4 Kg5
53. Rc3 Rf4+ 54. Ke3 h5 55. gxh5 Rh4 56. Rc5 Rxh3+ 57. Ke4 Rh4+ 58. Kd3 Kxh5
59. Ra5 Kg6 60. Rc5 Rg4 61. Ra5 h5 62. c3 h4 63. Ra2 h3 64. Rh2 Rh4 65. Kc4 c5
66. Kb5 cxd4 67. cxd4 Kf7 68. Kb6 Rc4 69. d5 exd5 70. Kb5 Ke6 71. Rh1 h2 72.
Ka6 Rb4 73. f7 Rb2 74. f8=N+ Kf7 75. Ka5 Kxf8 76. e6 Ke7 77. Rc1 h1=Q 78. Rc7+
Kxe6 79. Rc6+ Ke5 80. Rc1 Qxc1 81. Ka6 Qa1# 0-1

[Event "?"]
[Site "ICC 2 12 10/01/97, Internet C"]
[Date "1997.??.??"]
[Round "?"]
[White "Brause"]
[Black "DrTarrasch"]
[Result "1/2-1/2"]
[WhiteElo "2435"]
[BlackElo "2290"]
[PlyCount "107"]

1. e4 e5 2. Nf3 Nc6 3. Nc3 Nf6 4. Nxe5 Nxe5 5. d4 Ng6 6. e5 Ng8 7. Bc4 Bb4 8.
Qf3 Qe7 9. O-O Bxc3 10. bxc3 Nh6 11. g3 O-O 12. Qh5 d5 13. Bxd5 Bg4 14. Qg5
Qxg5 15. Bxg5 c6 16. Bg2 Be2 17. Rfe1 Ba6 18. Bxh6 gxh6 19. Rab1 Rfe8 20. Be4
Ne7 21. c4 Bxc4 22. Rxb7 Bxa2 23. Ra1 Bd5 24. Bxd5 cxd5 25. Raxa7 Rxa7 26. Rxa7
Kf8 27. Rc7 Rc8 28. Rxc8+ Nxc8 29. f4 h5 30. Kf2 Ke7 31. f5 Nb6 32. f6+ Ke6 33.
Ke3 Kf5 34. Kf3 Na8 35. h3 Nc7 36. Ke3 Ne6 37. Kd3 Ng5 38. h4 Ne4 39. Ke3 Nxg3
40. Kf3 Ne4 41. Ke3 Ng3 42. Kf3 Ne4 43. Ke3 Nc3 44. Kd2 Nb5 45. Kd3 Nc7 46. c3
Kg4 47. c4 Kf5 48. cxd5 Nxd5 49. Kd2 Ke6 50. Kd3 Nf4+ 51. Ke4 Nd5 52. Kd3 Nc7
53. Kc4 Nd5 54. Kd3 1/2-1/2

[Event "?"]
[Site "ICC 2 12 10/01/97, Internet C"]
[Date "1997.??.??"]
[Round "?"]
[White "Brause"]
[Black "DrTarrasch"]
[Result "1-0"]
[WhiteElo "2430"]
[BlackElo "2295"]
[PlyCount "73"]

1. e4 e5 2. Nf3 Nc6 3. Nc3 Nf6 4. Nxe5 Nxe5 5. d4 Ng6 6. e5 Ng8 7. Bc4 Bb4 8.
Qf3 Qe7 9. O-O Bxc3 10. bxc3 Nh6 11. g3 O-O 12. Qh5 d5 13. Bxd5 Bg4 14. Qg5
Qxg5 15. Bxg5 c6 16. Bg2 Be2 17. Rfe1 Ba6 18. Bxh6 gxh6 19. Rab1 Ne7 20. Bf1
Bxf1 21. Rxb7 Bc4 22. Rxe7 a5 23. a3 Rfb8 24. Rc7 Ra6 25. f4 Rb2 26. f5 h5 27.
Rc8+ Kg7 28. e6 fxe6 29. fxe6 Rxc2 30. e7 Bf7 31. Rf8 Bg6 32. Re6 Rc1+ 33. Kg2
Rc2+ 34. Kh3 Rb6 35. Rxg6+ hxg6 36. e8=Q Rbb2 37. Qe7+ 1-0

[Event "?"]
[Site "ICC 2 12 10/01/97, Internet C"]
[Date "1997.??.??"]
[Round "?"]
[White "Brause"]
[Black "CalifPhantom"]
[Result "1-0"]
[WhiteElo "2420"]
[BlackElo "2265"]
[PlyCount "96"]

1. e4 e5 2. Nf3 Nc6 3. Nc3 Nf6 4. Nxe5 Nxe5 5. d4 Nc6 6. d5 Ne5 7. f4 Ng6 8. e5
Ng8 9. d6 cxd6 10. exd6 Qf6 11. Nb5 Kd8 12. Be3 Qxb2 13. Bd4 Qb4+ 14. c3 Qb2
15. Rb1 Qxa2 16. g3 b6 17. Be2 Bb7 18. O-O f6 19. c4 Qa5 20. Ra1 Qb4 21. Ra4
Bxd6 22. Rxb4 Bxb4 23. Nxa7 Bc5 24. Bxc5 bxc5 25. Bg4 f5 26. Bxf5 Nf6 27. Qd6
Ke8 28. Qc7 Ne7 29. Qxb7 Rd8 30. Bd3 Kf7 31. Nb5 Nc6 32. Nd6+ Kg8 33. Be4 Ne7
34. Qc7 Rf8 35. Qxc5 h6 36. Qe5 Nxe4 37. Qxe4 Nc6 38. Qd5+ Kh7 39. Nf7 Rhg8 40.
Nxh6 Nb4 41. Qxd7 Rd8 42. Qf5+ g6 43. Qh3 Kg7 44. Nxg8 Rxg8 45. f5 Rf8 46. f6+
Rxf6 47. Qd7+ Kh6 48. Rxf6 Nd5 1-0

[Event "?"]
[Site "ICC 2 12 10/01/97, Internet C"]
[Date "1997.??.??"]
[Round "?"]
[White "Brause"]
[Black "Ferret"]
[Result "1/2-1/2"]
[WhiteElo "2405"]
[BlackElo "1645"]
[PlyCount "245"]

1. e4 e5 2. Nf3 Nc6 3. Nc3 Nf6 4. Nxe5 Nxe5 5. d4 Ng6 6. e5 Ng8 7. Bc4 d6 8.
Qf3 Qd7 9. O-O dxe5 10. dxe5 Nxe5 11. Re1 Bd6 12. Bf4 f6 13. Bb5 c6 14. Rad1
Qe6 15. Qg3 Kf8 16. Bxe5 Bxe5 17. f4 cxb5 18. fxe5 Qb6+ 19. Re3 Bf5 20. Rd6 Qc5
21. Rd5 Qc8 22. Qf4 Be6 23. Qb4+ Ne7 24. exf6 gxf6 25. Rxb5 Rg8 26. Qe4 Qc6 27.
Rxb7 Qxe4 28. Nxe4 Bd5 29. Rd7 Nf5 30. Re1 Nh4 31. Re2 Be6 32. Rxh7 Nxg2 33.
Rxg2 Rxg2+ 34. Kxg2 Bd5 35. Kf3 f5 36. Ke3 Re8 37. Rh8+ Bg8 38. Rh4 Kg7 39. Kd4
fxe4 40. Rxe4 Rd8+ 41. Ke3 Bxa2 42. h4 Bb1 43. Rc4 Kg6 44. b3 Kh5 45. Ke2 a5
46. Ke3 Rd1 47. Ke2 Rd5 48. Ke3 Rd1 49. Ke2 Rd7 50. Ke1 Rd6 51. Ke2 Rd5 52. Ke1
Rd7 53. Ke2 Rd6 54. Ke3 Rd5 55. Ke2 Rd8 56. Ke1 Rd7 57. Ke2 Rd6 58. Ke1 Rd5 59.
Ke2 Kg6 60. Kf3 Rd2 61. Ke3 Rxc2 62. Rxc2 Bxc2 63. Kd4 Bxb3 64. Kc3 Bf7 65. Kb2
Kh5 66. Ka3 Be8 67. Kb2 Bb5 68. Ka3 Bd7 69. Kb2 Bc6 70. Ka3 Bb5 71. Kb3 Bc6 72.
Ka3 Bb5 73. Kb3 Bd7 74. Ka3 Bc6 75. Kb2 Bd7 76. Ka3 Bc6 77. Kb3 Bb5 78. Ka3 Bd7
79. Kb3 a4+ 80. Ka3 Be8 81. Kb4 Bd7 82. Ka3 Bb5 83. Kb4 Bc6 84. Ka3 Bd7 85. Kb4
Bc6 86. Ka3 Be8 87. Kb4 Kh6 88. Ka3 Bd7 89. Kb4 Be8 90. Ka3 Bb5 91. Kb2 Be2 92.
Ka3 Bb5 93. Kb4 Kh5 94. Ka3 Bc6 95. Kb4 Be8 96. Ka3 Kh6 97. Kb4 Kg7 98. Ka3 Bc6
99. Kb4 Kg6 100. Ka3 Kh5 101. Kb4 Kg6 102. Ka3 Bd7 103. Kb2 Be6 104. Ka3 Bb3
105. Kb4 Kh5 106. Ka3 Bd1 107. Kb2 Bb3 108. Ka3 Kxh4 109. Kb4 Ba2 110. Ka3 Kg4
111. Kxa2 Kf3 112. Ka3 Kg3 113. Kb4 Kf2 114. Kc4 a3 115. Kb3 Ke1 116. Ka2 Kf1
117. Kb1 Ke2 118. Ka1 Kd1 119. Ka2 Ke1 120. Kb3 Kd2 121. Ka2 Ke2 122. Kb3 Kd1
123. Kxa3 1/2-1/2